ILLIT - Paroles Magnetic - Statistiques

Statistiques générales
  • Ce quiz a été pris 52 fois
  • Le résultat moyen est 197 sur 276
Statistiques - réponses
Hint Réponse % Correct
I
100%
you
100%
Refrain You,
100%
you,
100%
it
97%
magnetic
97%
want
97%
S
93%
This
93%
like
90%
Like
90%
super
90%
time,
90%
it's
86%
a
83%
cool
79%
minute
79%
Couplet 1 Wait ,
79%
crush,
76%
crush)
76%
J
76%
just
76%
my
76%
(My)
76%
oh
76%
(Oh),
76%
P
76%
Baby,
72%
(Baby,
72%
Intro Baby,
72%
go,
72%
go
72%
But
69%
play
69%
that
69%
to
66%
I'm
62%
N
62%
you're
62%
no
59%
Bridge No
59%
boy
55%
can't
55%
heart
55%
hide
55%
da
52%
da,
52%
don't
52%
gosh
52%
(Gosh)
52%
say
52%
Post-refrain Bae,
48%
bae,
48%
bae
48%
Bae
48%
let's
48%
Let's
48%
Dash
45%
dash
45%
dash,
45%
dash)
45%
trying
45%
magnetized,
41%
green
38%
light
38%
So
38%
We're
38%
push
34%
type
34%
(In
31%
in
31%
and
28%
back,
28%
holding
28%
Never
28%
pull,
28%
chemistry,
24%
dub,
24%
Couplet 2 our
24%
Our
24%
rush,
24%
rush)
24%
yeah
24%
yeah)
24%
lub
21%
(Gonna
7%
gonna
7%
Aucun quiz correspondant
Distribution des résultats
% des personnes avec chaque résultat
Percentile par nombre de réponses
Votre historique - résultats
Vous n’avez pas pris ce quiz